LEADER 01042nam a2200265 a 4500 001 000000138476 003 CaOOAMICUS 005 20140516110525.0 008 140516s1976 it u000 u ita r 040 $aPUL$bita 100 1 $aManzoni, Alessandro,$d1785-1873.$0(OLS)http://pul/name/4307 245 10$aAdelchi /$cAlessandro Manzoni ; a cura di Riccardo Bacchelli. 260 $aTorino :$bEinaudi,$cİ1976. 300 $a167 p. ;$c20 cm 490 1 $aClassici Ricciardi ;$v23 500 $aRipr. dell'ed.: Milano ; Napoli : R. Ricciardi, 1953. V. 53, p. VII-XXX, 211-345, 1181-82. 504 $aNote bibliografiche. 700 1 $aBacchelli, Riccardo,$d1891-1985.$0(OLS)http://pul/name/10284 830 0$aClassici Ricciardi ;$v23.$0(OLS)http://pul/title/76501 850 $aPUL 852 $aPUL$W1$xDP1 Fondo E. Rossi$y115$m7 E 81$j159712$qFondi$B159236$CPULBib$Z2$F159236 $82 941 1 $a1 996 $6245$aAdelchi$9(OLS)http://pul/title/112520 996 $6260$aTorino :$bEinaudi$9(OLS)http://pul/publisher/48130 LEADER 01460nam a2200301 a 4500 001 000000144057 003 CaOOAMICUS 005 20150612120150.0 008 150612s2003 it u000 u ita r 040 $aPUL$bita 082 04$a334 245 00$aBanche con l'anima :$btestimonianze sulle Banche di credito cooperativo da Wollemborg a Ciampi, 1883-2003 /$ca cura di Sergio Gatti ; prefazione si Stefano Zamagni ; con la collaborazone di Roberta Ferrari. 260 $aRoma :$bEcra - Edizioni del Credito Cooperativo$g2003 300 $a302 p. ;$c22 cm 490 1 $aDocumenti 504 $aBibliografia in nota. 650 4$aBanche e istituti di credito.$0(OLS)http://pul/subject/19450 700 1 $aGatti, Sergio.$0(OLS)http://pul/name/92510 700 1 $aZamagni, Stefano,$d1943-$0(OLS)http://pul/name/42265 700 1 $aFerrari, Roberta.$0(OLS)http://pul/name/92511 830 0$aDocumenti (Ecra).$0(OLS)http://pul/title/182244 850 $aPUL 852 $aPUL$W1$xDP2 Diritto e Scienze Sociali 3$y110$m334 GATSE 1$j166117$qDDC 21$B166619$CPULBib$Z2$F166619 $H126136 $82 941 1 $a9 996 $6082$a334$9(OLS)http://pul/classification/2785 996 $6245$aBanche con l'anima :$btestimonianze sulle Banche di credito cooperativo da Wollemborg a Ciampi, 1883-2003$9(OLS)http://pul/title/182243 996 $6260$aRoma :$bEcra - Edizioni del Credito Cooperativo$9(OLS)http://pul/publisher/82277